000 00707nam a2200229 i 4500
001 C2-0314955
003 PPAK
005 20200504110716.0
008 120409s2010 xx |||| ||||| | eng d
020 _a978144050230
040 _aPPAK
_beng
_cPPAK
_erda
082 0 4 _a636.753
_223
090 0 0 _a636.753
_bMUN
_dLCK
100 1 _aMunier, Paula,
_eauthor
245 1 0 _aFixing Freddie :
_b A TRUE story about a Boy, a Single Mom, and the Very Bad Beagle Who Saved Them /
_cPaula Munier
264 1 _c2010
_aUnited States :
_b Adams Media Corporation ,
300 _a243 pages ;
_c22 cm
336 _2rdacontent
_atext
337 _2rdamedia
_aunmediated
338 _2rdacarrier
_avolume
942 _cB
_2ddc
999 _c116267
_d116267